|
|
|
|
| LEADER |
00000nab a2200000 a 4500 |
| 001 |
vtls008843690 |
| 003 |
SK-MaSNL |
| 005 |
20260305012705.0 |
| 008 |
250505c2005 xo |||| | ab 000 b|slo |
| 015 |
|
|
|a SNBRB2006/08
|2 snkbucl
|
| 035 |
|
|
|a (uuid)1c84421f-1b68-4dfe-a322-73a6e8992198
|
| 035 |
|
|
|a urn:nbn:sk:snk-ab9uux
|
| 035 |
|
|
|a (urnnbn)urn:nbn:sk:snk:ar-a08xd9
|
| 038 |
|
|
|a SNKBUCL
|
| 040 |
|
|
|a SNKBUCL
|b slo
|c SNKBUCL
|e AACR2
|
| 041 |
0 |
|
|a slo
|b eng
|
| 044 |
|
|
|a xo
|c SK
|
| 080 |
|
|
|a 94(437.6):32
|x "1925/1928"
|2 1997
|
| 080 |
|
|
|a 328.1
|x (437)
|x "1927/1928"
|2 1997
|
| 080 |
|
|
|a 94(437):32
|x "1925/1928"
|2 1997
|
| 080 |
|
|
|a 329.17
|x (437)
|b HSĽS
|x "1927/1928"
|2 1997
|
| 100 |
1 |
|
|a Holák, Martin,
|d 1975-
|4 aut
|9 105621
|
| 245 |
1 |
0 |
|a Vstup Hlinkovej slovenskej ľudovej strany do vládnej koalície
|c Martin Holák
|
| 500 |
|
|
|a Resumé preložila Mária okálová
|
| 504 |
|
|
|a Bibliogr. odkazy a pozn.
|
| 546 |
|
|
|a Res. angl.
|
| 610 |
2 |
7 |
|a Hlinkova slovenská ľudová strana
|2 snkbucl
|9 32578
|
| 610 |
1 |
7 |
|a Československo.
|b Vláda
|2 snkbucl
|9 162349
|
| 648 |
|
7 |
|a 1925-1928
|2 snkbucl
|9 569681
|
| 650 |
0 |
7 |
|a vládne koalície
|2 snkbucl
|9 4812
|
| 651 |
|
7 |
|a Slovensko
|x dejiny
|2 SNKPHgeo
|9 13278
|
| 651 |
|
7 |
|a Československo
|x dejiny
|2 SNKPHgeo
|9 161432
|
| 655 |
|
7 |
|a štúdie
|2 snkbucl
|9 57033
|
| 700 |
1 |
|
|a Okálová, Mária,
|d 1950-2024
|4 trl
|9 7913
|
| 773 |
0 |
|
|t Historický zborník 14
|g Č. 2 (2004), s. 30-41
|x 1335-8723
|
| 850 |
|
|
|a Slovenská národná knižnica
|
| 852 |
|
|
|a Slovenská národná knižnica
|
| 954 |
|
|
|a odborná, vedecká literatúra pôvodná (slovenská)
|2 lita
|
| 958 |
|
|
|a article13
|
| 958 |
|
|
|a OND
|
| 958 |
|
|
|a NB
|
| 958 |
|
|
|a SK
|
| 958 |
|
|
|a EUIPO
|
| 999 |
|
|
|c 3258751
|d 3260681
|